000 03580cam a2200397 4500500
005 20260517000312.0
041 _afre
042 _adc
100 1 0 _aCastiel, Didier
_eauthor
700 1 0 _aBréchat, Pierre-Henri
_eauthor
700 1 0 _aMathieu-Grenouilleau,
_eauthor
700 1 0 _aRymer, Roland
_eauthor
245 0 0 _aHandicap social et hôpitaux publics : pour un modèle d'allocation de ressources dans le cadre d'une politique de santé publique
260 _c2009.
500 _a7
520 _aRésuméL’administration d’un questionnaire de handicap social auprès de 696 usagers du 14 mars au 4 avril 2007 a permis de mesurer, avec les données PMSI, que les trois quarts de la population étudiée présentent un handicap social. Pour 19,2 %, il s’agit d’un handicap social fort. Les trois indicateurs « revenu », « capital mobilier » et « confort intérieur » sont des déterminants majeurs du handicap social. L’état de santé plus dégradé n’est pas la particularité des patients les plus handicapés sociaux et il n’entraîne pas de réelle surconsommation médicale. Les personnes ayant un handicap social restent hospitalisées plus d’un jour et demi de plus en moyenne. Cela permet d’en déduire un surcoût hospitalier de 10,3 millions d’euros. Un modèle de mesure du handicap social est proposé et peut être utilisé dès l’admission et en routine pour repérer les personnes ayant un handicap social, afin de leur proposer des aides spécifiques et diminuer la durée moyenne de séjour (DMS). Il peut permettre le suivi d’une politique de santé publique.
520 _aSocial disability and public hospitals: towards a model of resource allocationA recent study to measure social disability used the results of a questionnaire administered to 696 patients between March 14th and April 7th 2007 which showed that three-quarters of the population surveyed have a social disability. Major determinants of social disadvantage are found using three specific indicators: income, assets and home-interior comfort. A greater deterioration of poor health status was not particularly noted within the most socially disadvantage group of patients, and social disability did not lead to actual over-consumption of medical products or services. People with social disabilities remained hospitalised more than 1.5 days over the average length of hospital stay which accounts for an inferred additional costs to hospital budgets equivalent to 10.3 million €.The article proposes a model for measuring social disability that can be used routinely upon patient admission to identify socially disadvantaged cases in order to offer those patients specific and tailored assistance and reduce the length of their stay. This model may also support public health policy monitoring.
690 _ahandicap social
690 _ahôpital public
690 _ainégalités de santé
690 _apolitique
690 _aprécarité
690 _aprogramme de médicalisation du système d'information (PMSI)
690 _asanté publique
690 _ausagers
690 _aFrench hospital information system (PMSI)
690 _ahealth inequalities
690 _apatients
690 _apolicy
690 _aprecariousness
690 _apublic health
690 _apublic hospital
690 _asocial disability
786 0 _nSanté Publique | 21 | 2 | 2009-05-19 | p. 195-212 | 0995-3914
856 4 1 _uhttps://stm.cairn.info/revue-sante-publique-2009-2-page-195?lang=fr&redirect-ssocas=7080
999 _c2231124
_d2231124